Top 5 Clubs by Random Categories - Statistics

General Stats
  • This quiz has been taken 193 times
  • The average score is 16 of 30
Answer Stats
Category Answer % Correct
Most UCL titles Real Madrid
100%
Most valuable squad Real Madrid
100%
Most Bundesliga titles Bayern Munich
98%
Most UCL titles FC Barcelona
98%
Most valuable squad Manchester City
98%
Most UCL titles AC Milan
97%
Most Club World Cups participated Real Madrid
96%
Most Serie A points AC Milan
95%
Most Premier League points Arsenal
95%
Most Serie A points Inter Milan
95%
Most Bundesliga titles Borussia Dortmund
94%
Most La Liga titles FC Barcelona
94%
Most Ligue 1 titles Paris Saint-Germain
94%
Most La Liga titles Real Madrid
94%
Most Serie A points Juventus
93%
Most Premier League points Liverpool
93%
Most Premier League points Manchester United
93%
Most UCL titles Bayern Munich
92%
Most expensive player sold FC Barcelona
92%
Most Eredivisie titles Ajax
91%
Most UCL titles Liverpool
90%
Most La Liga titles Atlético Madrid
89%
Most Premier League points Chelsea
89%
Most Eredivisie titles PSV Eindhoven
89%
Most valuable squad Bayern Munich
87%
Most valuable squad Paris Saint-Germain
87%
Most Eredivisie titles Feyenoord
86%
Most valuable squad Arsenal
85%
Most Serie A points Napoli
83%
Most expensive player sold Liverpool
82%
Most Ligue 1 titles Marseille
82%
Most Premier League points Tottenham Hotspur
80%
Most La Liga titles Valencia
79%
Most Serie A points AS Roma
78%
Most Bundesliga titles Hamburger SV
73%
Most Copa Libertadores titles Boca Juniors
71%
Most Copa Libertadores titles River Plate
71%
Most UEL games played Inter Milan
66%
Most Ligue 1 titles AS Monaco
65%
Most La Liga titles Athletic Bilbao
63%
Most Ligue 1 titles Saint-Étienne
63%
Most Bundesliga titles Schalke 04
63%
Most Asian Champions League semi-final appearances Al Hilal
55%
Fewest points scored in a Premier League season Derby County
55%
Oldest current MLS club that kept their name LA Galaxy
52%
Most expensive player sold Atlético Madrid
50%
Most expensive player sold AS Monaco
49%
Most expensive player sold Benfica
44%
Most UEL games played PSV Eindhoven
42%
Most Ligue 1 titles Nantes
37%
Highest Opta Power Ranking outside UEFA Palmeiras
34%
Fewest points scored in a Premier League season Aston Villa
33%
Highest Opta Power Ranking outside UEFA Al Nassr
32%
Most Bundesliga titles 1. FC Nürnberg
31%
Most Club World Cups participated Al Ahly
30%
Highest Opta Power Ranking outside UEFA Al Hilal
30%
Longest unbeaten run in 21st century Al-Hilal Omdurman
30%
Most Eredivisie titles Sparta Rotterdam
27%
Longest unbeaten run in 21st century Al Ahly
20%
Fewest points scored in a Premier League season Sunderland
20%
Most Copa Libertadores titles Independiente
18%
Most UEL games played Sporting
18%
Oldest current MLS club that kept their name DC United
17%
Most Asian Champions League semi-final appearances Al-Ain
15%
Fewest points scored in a Premier League season Huddersfield Town
15%
Most Copa Libertadores titles Estudiantes
14%
Highest Opta Power Ranking outside UEFA Club América
13%
Oldest current MLS club that kept their name Columbus Crew
13%
Most Copa Libertadores titles Peñarol
12%
Most Club World Cups participated Auckland City
11%
Most UEL games played Crvena zvezda
8%
Fewest points scored in a Premier League season Portsmouth
7%
Most Club World Cups participated Monterrey
6%
Most Eredivisie titles HVV Den Haag
5%
Highest Opta Power Ranking outside UEFA Monterrey
5%
Most Asian Champions League semi-final appearances Esteghlal
4%
Oldest current MLS club that kept their name New England Revolution
4%
Most Asian Champions League semi-final appearances Persepolis
4%
Most UEL games played Club Brugge
3%
Oldest current MLS club that kept their name Colorado Rapids
2%
Most Club World Cups participated Pachuca
2%
Most Asian Champions League semi-final appearances Seongnam
2%
Longest unbeaten run in 21st century Levadia
0%
Longest unbeaten run in 21st century Lincoln Red Imps
0%
Longest unbeaten run in 21st century Sheriff Tiraspol
0%
No matching quizzes found
Score Distribution
Percent of People with Each Score
Percentile by Number Answered
Your Score History
You have not taken this quiz